<?xml version="1.0" encoding="UTF-8"?>
<record
    xmlns:xsi="http://www.w3.org/2001/XMLSchema-instance"
    xsi:schemaLocation="http://www.loc.gov/MARC21/slim http://www.loc.gov/standards/marcxml/schema/MARC21slim.xsd"
    xmlns="http://www.loc.gov/MARC21/slim">

  <leader>01956nam a22002657a 4500</leader>
  <controlfield tag="003">OSt</controlfield>
  <controlfield tag="005">20221012150757.0</controlfield>
  <controlfield tag="008">130821s2009    ck abo gr         0dspa  </controlfield>
  <datafield tag="020" ind1=" " ind2=" ">
    <subfield code="a">9789587049237</subfield>
  </datafield>
  <datafield tag="040" ind1=" " ind2=" ">
    <subfield code="a">CO-JMCR</subfield>
    <subfield code="c">CO-JMCR</subfield>
  </datafield>
  <datafield tag="041" ind1="0" ind2=" ">
    <subfield code="a">spa</subfield>
  </datafield>
  <datafield tag="082" ind1="0" ind2="4">
    <subfield code="a">928.6 /</subfield>
    <subfield code="b">F118t</subfield>
  </datafield>
  <datafield tag="100" ind1="1" ind2=" ">
    <subfield code="a">Abad Faciolince, H&#xE9;ctor, </subfield>
    <subfield code="e">autor</subfield>
    <subfield code="9">41894</subfield>
  </datafield>
  <datafield tag="245" ind1="1" ind2="0">
    <subfield code="a">Traiciones de la memoria / </subfield>
    <subfield code="c">H&#xE9;ctor Abad Faciolince</subfield>
  </datafield>
  <datafield tag="250" ind1=" " ind2=" ">
    <subfield code="a">Primera edici&#xF3;n</subfield>
  </datafield>
  <datafield tag="260" ind1=" " ind2=" ">
    <subfield code="a">Bogot&#xE1; : </subfield>
    <subfield code="b">Alfaguara, </subfield>
    <subfield code="c">2009</subfield>
  </datafield>
  <datafield tag="300" ind1=" " ind2=" ">
    <subfield code="a">265 p&#xE1;ginas : </subfield>
    <subfield code="b">ilustraciones, fotograf&#xED;as y mapa a color ; </subfield>
    <subfield code="c">24 cm.</subfield>
  </datafield>
  <datafield tag="505" ind1="0" ind2=" ">
    <subfield code="a">Un poema en el bolsillo. -- Un camino equivocado. -- Ex futuros. </subfield>
  </datafield>
  <datafield tag="520" ind1="3" ind2=" ">
    <subfield code="a">"Cuando uno sufre de esa forma tan peculiar de la brutalidad que es la mala memoria, el pasado tiene una consistencia casi tan irreal como el futuro. Bajo esta premisa est&#xE1;n escritos los tres relatos que componen Traiciones de la memoria. Despu&#xE9;s de la lectura de estos textos -un h&#xED;brido de cuento, ensayo y autobiograf&#xED;a- nos queda la extra&#xF1;a sensaci&#xF3;n de que lo que fue y lo que vendr&#xE1; no se completa nunca del todo, salvo en las palabras que intentan apresarlo. El primer relato es la reconstrucci&#xF3;n 
minuciosa y precisa del origen de un soneto hallado en el bolsillo de un muerto. La segunda cuenta las venturas y desventuras de un exiliado colombiano en Tur&#xED;n. El &#xFA;ltimo trata de indagar no en lo que hemos llegado a ser efectivamente, sino en lo que pudimos llegar a ser si en un momento de la vida hubi&#xE9;ramos tomado otro camino. Una memoria solamente es confiable cuando es imperfecta, y una aproximaci&#xF3;n a la precaria verdad humana se construye solamente con la suma de los recuerdos imprecisos, unidos a la resta de los distintos olvidos".</subfield>
  </datafield>
  <datafield tag="650" ind1="1" ind2="4">
    <subfield code="a">Biograf&#xED;as Escritores colombianos</subfield>
    <subfield code="9">42021</subfield>
  </datafield>
  <datafield tag="650" ind1="2" ind2="4">
    <subfield code="a">Biograf&#xED;as</subfield>
    <subfield code="y">Siglo xx</subfield>
    <subfield code="9">42022</subfield>
  </datafield>
  <datafield tag="650" ind1="2" ind2="4">
    <subfield code="a">Ensayos colombianos </subfield>
    <subfield code="y">Siglo xx</subfield>
    <subfield code="9">11560</subfield>
  </datafield>
  <datafield tag="650" ind1="2" ind2="4">
    <subfield code="a">Literatura colombiana</subfield>
    <subfield code="y">Siglo xx</subfield>
    <subfield code="9">40443</subfield>
  </datafield>
  <datafield tag="942" ind1=" " ind2=" ">
    <subfield code="2">ddc</subfield>
    <subfield code="c">BK</subfield>
  </datafield>
  <datafield tag="999" ind1=" " ind2=" ">
    <subfield code="c">15856</subfield>
    <subfield code="d">15856</subfield>
  </datafield>
  <datafield tag="952" ind1=" " ind2=" ">
    <subfield code="0">0</subfield>
    <subfield code="1">0</subfield>
    <subfield code="2">ddc</subfield>
    <subfield code="4">0</subfield>
    <subfield code="7">0</subfield>
    <subfield code="a">CPL</subfield>
    <subfield code="b">CPL</subfield>
    <subfield code="c">PROC</subfield>
    <subfield code="d">2022-02-23</subfield>
    <subfield code="e">Donaci&#xF3;n</subfield>
    <subfield code="o">928.6 / F118t</subfield>
    <subfield code="p">201811396</subfield>
    <subfield code="r">2024-05-16 00:00:00</subfield>
    <subfield code="t">Ej.1</subfield>
    <subfield code="w">2022-03-28</subfield>
    <subfield code="y">BK</subfield>
  </datafield>
</record>
